[Event "FIDE-Online-Steinitz-Memorial-Women"]
[Site "Internet"]
[Date "2020.05.16"]
[Round "11"]
[White "Khademalsharieh, Sarasadat"]
[Black "Tan, Zhongyi"]
[Result "0-1"]
[WhiteElo "2431"]
[BlackElo "2510"]
[Annotator "TA"]
[PlyCount "142"]
[EventDate "2020.05.15"]
[EventType "tourn"]
[SourceTitle "playchess.com"]
[Source "ChessBase"]
[SourceQuality "1"]

{[%evp 9,142,17,25,0,0,0,0,-10,0,0,14,26,10,-14,-14,-19,57,6,8,4,6,6,6,10,10,10,11,5,0,0,41,13,11,0,10,10,10,12,11,0,0,0,8,0,0,0,0,0,35,1,8,8,235,-18,-9,-28,-31,-35,0,-24,147,0,204,195,528,550,525,468,940,1113,1010,977,1157,1148,1136,1102,5170,2293,2254,-8,-8,-8,-8,-8,-8,-8,5202,-8,5173,-14,4132,-2164,-1698,-29969,-29969,-29973,-29975,-29975,-29973,-29973,-29974,-29974,-29975,-29973,-29976,-29976,-29977,-29977,-29978,-29977,-29979,-29979,-29980,-29980,0,-8,0,-29980,-29981,-29981,-29982,-29982,-29983,-29984,0,-29985,-29986,-29986,-29987,-29989,0,0,0,-29989,-4134]} 1. d4 Nf6 2. c4 e6 3. Nf3 d5 4. Nc3 dxc4 5. e4 Bb4 6. Bxc4 {D24: Queen's Gambit Accepted: 3 Nf3 Nf6 4 Nc3.} Nxe4 7. O-O Nxc3 8. bxc3 {The position is equal.} Be7 {8...Bd6 is the hot move. Played by David Anton Guijarro in April 2020.} 9. Ne5 O-O 10. Qg4 Nc6 11. Bh6 {[%csl Gh6][%cal Rg4g7]} Bf6 12. Rae1 Kh8 (12... Ne7 $11) 13. Bc1 {[#]} ({White should try} 13. Bf4 $14) 13... Bxe5 $146 ({Predecessor:} 13... Nxe5 14. dxe5 Be7 15. Rd1 Qe8 16. Rd3 f5 17. exf6 Bxf6 18. Rh3 e5 {0-1 (18) Dobrov,V (2478)-Nakamura,H (2745) chess.com INT 2019}) 14. dxe5 f5 15. exf6 Qxf6 16. Qg3 e5 17. Bd5 Bf5 18. Bxc6 Qxc6 19. Rxe5 Bg6 20. Re7 Rf7 21. Re5 Qd6 22. h4 Qd3 23. Be3 h6 24. h5 Bf5 25. Bd4 Raf8 26. Re3 Qc4 27. Rfe1 c5 28. Be5 Qg4 29. Qh2 b6 30. f3 $36 {[%mdl 2048] White fights for an advantage.} Qg5 $2 (30... Qc4 $11) 31. f4 $2 (31. Bd6 $1 $18 {[%cal Rd6f8]} Rd8 32. Be7 Rxe7 33. Rxe7) 31... Qd8 $1 32. Qg3 Qd7 33. Qh4 Bh7 34. Rg3 Qf5 $2 ({Black should play} 34... Kg8 $11) 35. Kh2 ({Only move:} 35. Rd1 $1 $16) 35... Rg8 $2 (35... Rd7 $11 {and Black is okay.}) 36. Rd1 $1 $18 Rd7 $2 (36... Re8 {is a better chance.} 37. Rd6 b5) 37. Rxd7 Qxd7 {[#]} 38. Rg6 $1 {[%mdl 512]} Qf7 ({Avoid the trap} 38... Bxg6 $2 39. hxg6 Ra8 40. Qxh6+ Kg8 41. Qh7+ Kf8 42. Qh8+ Ke7 43. Qxg7+ Ke6 44. f5+ $1 {[%mdl 512]} Kxf5 45. Qxd7+) (38... Qf5 $142) 39. Rxh6 Re8 40. Qg5 Kg8 41. Rg6 Bxg6 42. hxg6 {[%mdl 4096] Endgame KQR-KQB} Qd5 43. Qh5 {Intending Qh7+ and mate.} Rxe5 44. Qh7+ $2 ({And not} 44. Qxe5 Qxe5 45. fxe5 b5 $15) (44. fxe5 $18 Kf8 45. Qh8+ Qg8 46. Qxg8+ Kxg8 47. a4) 44... Kf8 $11 {...Rh5+ is the strong threat.} 45. Qh8+ Qg8 $1 {[%cal Rg8h8]} 46. Qxg8+ Kxg8 47. fxe5 {Threatens to win with a4. KP-KP} Kf8 $2 {[%mdl 8192]} (47... b5 $11 48. Kg3 Kf8) 48. Kg3 $2 ({White has to play} 48. a4 $1 $18 Ke7 49. Kg3) 48... Ke7 $2 {[%mdl 8192]} (48... b5 $11) 49. Kf4 $2 (49. c4 $18 Ke6 50. Kf4) 49... Ke6 $2 {[%mdl 8192]} (49... b5 $11) 50. Ke4 $4 {[%mdl 8192]} (50. a4 $18 Ke7 51. Ke4) 50... b5 $1 $19 51. g4 a5 52. g5 b4 53. cxb4 cxb4 54. Kd4 a4 55. Kc4 b3 $1 56. axb3 axb3 ({Wrong is} 56... a3 $2 57. Kc3 $18) 57. Kxb3 Kxe5 {KPP-KP} 58. Kc4 {[#]} Kf5 $1 {[%mdl 512]} 59. Kd4 Kxg6 60. Ke3 Kxg5 {KP-K} 61. Kf3 Kf5 $2 (61... Kh4 $1 62. Kf4 g5+ 63. Kf3 Kh3 64. Kf2 g4 65. Kg1 Kg3 66. Kf1 Kh2 67. Ke1 g3 68. Ke2 g2 69. Kd3 g1=Q 70. Kc4 Kg3 71. Kb4 Qb6+ 72. Kc4 Qc6+ 73. Kb3 Kf3 74. Kb2 Ke4 75. Kb3 Kd3 76. Kb4 Qb6+ 77. Ka4 Kc4 78. Ka3 Qb3#) 62. Kg3 $11 Kg5 $2 {[%mdl 8192]} (62... g5 $11) 63. Kf3 $1 {[#]} Kh4 $1 64. Kg2 Kg4 65. Kh2 Kf3 66. Kh3 g5 67. Kh2 {[#]} g4 $1 68. Kg1 Kg3 69. Kh1 Kh3 $2 (69... Kf2 {mates} 70. Kh2 g3+ 71. Kh3 Kf3 72. Kh4 g2 73. Kg5 g1=Q+ 74. Kf5 Qe1 75. Kg6 Kf4 76. Kg7 Qe7+ 77. Kg8 Kf5 78. Kh8 Kg6 79. Kg8 Qg7#) 70. Kg1 Kg3 $2 {[%mdl 8192]} (70... g3 $11 71. Kh1 Kh4) 71. Kh1 Kf2 {Accuracy: White = 70%, Black = 56%.} 0-1

[Event "FIDE-Online-Steinitz-Memorial-Women"]
[Site "Internet"]
[Date "2020.05.16"]
[Round "11"]
[White "Abdumalik, Zhansaya"]
[Black "Kosteniuk, Alexandra"]
[Result "1-0"]
[WhiteElo "2409"]
[BlackElo "2521"]
[Annotator "TA"]
[PlyCount "83"]
[EventDate "2020.05.15"]
[EventType "tourn"]
[SourceTitle "playchess.com"]
[Source "ChessBase"]
[SourceQuality "1"]

{[%evp 15,83,18,16,41,45,37,37,41,43,35,35,31,20,29,35,27,37,28,25,14,81,114,104,96,405,397,393,393,384,0,0,0,0,7,4,0,0,-5,0,-11,-5,-14,-7,-8,-8,-8,-8,-17,-9,-16,-6,-10,-10,-13,0,-14,0,-14,0,0,0,-4,261,250,486,481,476,473,698,512]} 1. e4 c6 2. d4 d5 3. Nd2 dxe4 4. Nxe4 Nf6 5. Nxf6+ exf6 6. c3 Bd6 7. Bd3 O-O 8. Ne2 Re8 9. Qc2 {B15: Caro-Kann: 3 Nc3: 3...g6 and 3...dxe4 4 Nxe4 Nf6 5 Nxf6+ exf6.} h5 10. O-O {now supersedes 10.Be3.} h4 11. h3 {White is slightly better.} Nd7 12. Be3 Nf8 13. c4 Be6 14. Rad1 Rc8 15. Nc3 Bb8 16. Rfe1 Qc7 17. f4 {[#]} Ng6 $146 (17... Rcd8 $11 {keeps the balance.}) ({Predecessor:} 17... Bd7 18. Qf2 f5 19. d5 Rxe3 20. Qxe3 Qxf4 21. Qxf4 Bxf4 22. Re7 g6 23. Bc2 cxd5 24. cxd5 {½-½ (30) Musyuk,L (2327)-Kochavi,O (2221) Petah Tikva 2020}) 18. d5 $16 cxd5 19. cxd5 Bxd5 $2 {[%mdl 8192] [#]} (19... Bd7 $16 {is a better chance.}) 20. Bxg6 $18 Bc6 21. Bh7+ Kh8 22. Bc1 $2 ({White should play} 22. Bd3 $18) 22... g6 $11 23. Bxg6 fxg6 24. Qxg6 Qg7 25. Rxe8+ (25. Qh5+ {is interesting.} Qh7 26. Qxh7+ Kxh7 27. Kf2 Kg6 28. Ne2) 25... Rxe8 26. Qxg7+ Kxg7 27. Kf2 Kf7 28. Rd3 Rg8 29. g3 hxg3+ 30. Rxg3 Rh8 31. Be3 Rh4 32. Ne2 Bd5 33. b3 Be6 34. Kg2 Bd5+ 35. Kf2 Be6 36. Kg2 Bd5+ 37. Kh2 Be6 38. Nd4 Bxf4 $2 {[%mdl 8192]} (38... Bd7 $11) 39. Bxf4 $18 Rxf4 $2 {[#]} (39... Bxh3 40. Rf3 Be6+ 41. Kg2 Bd5) 40. Rg7+ $1 {[%mdl 512] White is clearly winning.} Ke8 (40... Kxg7 41. Nxe6+) 41. Nxe6 Rf2+ (41... Re4 $142 42. Nc5 Re2+ 43. Kg3 b6) 42. Rg2 {Accuracy: White = 94%, Black = 67%.} 1-0

[Event "FIDE-Online-Steinitz-Memorial-Women"]
[Site "Internet"]
[Date "2020.05.16"]
[Round "11"]
[White "Paehtz, Elisabeth"]
[Black "Lagno, Kateryna"]
[Result "0-1"]
[WhiteElo "2396"]
[BlackElo "2608"]
[Annotator "TA"]
[PlyCount "86"]
[EventDate "2020.05.15"]
[EventType "tourn"]
[SourceTitle "playchess.com"]
[Source "ChessBase"]
[SourceQuality "1"]

{[%evp 17,86,-22,-22,-18,0,0,33,0,0,0,23,14,25,27,76,0,131,60,242,-6,13,28,162,162,158,148,221,62,61,52,50,48,105,102,106,102,111,122,125,107,163,178,202,-60,-60,-104,-112,-29968,-29968,-5281,-199,-217,-209,-188,-150,-156,-82,-66,-53,-2394,-1783,-1059,-603,-29979,-29980,-29980,-29981,-29981,-29982,-29976,-29976]} 1. d4 Nf6 2. Nf3 g6 3. Bg5 Bg7 4. Nbd2 h6 5. Bh4 O-O 6. c3 d6 7. e4 c5 8. dxc5 dxc5 9. Bc4 Nc6 10. Qe2 {A48: 1 d4 Nf6 2 Nf3 g6: Torre, London and Colle Systems.} Nh5 11. Qe3 Qc7 $5 {[%mdl 4] [#] An interesting side line.} 12. Bg3 $146 {White is slightly better.} ({Predecessor:} 12. Qxc5 Nf4 13. O-O b6 14. Qe3 Na5 15. Bd5 Rb8 16. Bg3 g5 17. h4 Bf6 18. hxg5 hxg5 {1-0 (41) Zhang,Z (2441)-Bancod,R (2375) Manila 2008}) 12... Nxg3 13. hxg3 h5 14. Qg5 {And now Qxg6 would win.} Qd6 15. O-O-O $36 {[%mdl 2048] White has the initiative.} Qf6 16. Qe3 (16. Qxc5 $16 Bh6 17. Kb1) 16... Be6 (16... Bg4 $11 {keeps the balance.}) 17. Bd5 ({White should play} 17. e5 $1 $16 {[%cal Re5f6]} Nxe5 18. Ne4) 17... Rad8 $2 (17... Bg4 $14) 18. Nc4 $2 ({And not} 18. Qxc5 Bh6 $14) (18. e5 $1 $18 {[%cal Re5f6]} Nxe5 19. Ne4 {[%mdl 64] Double Attack} Bxd5 20. Nxf6+ exf6 21. Nxe5 (21. Qxc5 b6 $18) 21... fxe5 22. Qxc5 Bxg2 23. Rxd8 (23. Qxa7 Ra8 $16) 23... Rxd8 24. Rg1) 18... Bxd5 19. exd5 b5 (19... Nb8 $11) 20. dxc6 $18 bxc4 21. Qxc5 {c7 is the strong threat.} Rc8 (21... Rb8 $16 {was necessary.}) 22. Rhe1 $2 ({Inferior is} 22. Qxc4 Rxc6 23. Qb3 Rb6 $15) ({Worse is} 22. Qxa7 Qxc6 23. Qxe7 Rb8 $15) (22. c7 $18) 22... Rxc6 $14 23. Qxe7 Qf5 24. Qe4 Qb5 {[#]} (24... Qc8 $14) 25. Nd4 $1 $16 {[%cal Rd4b5]} Bxd4 26. Qxd4 Rb8 {[%csl Gb8][%cal Rb5b2]} 27. Rd2 Ra6 28. Re5 Qa4 (28... Qc6 $16) 29. Rde2 $18 Rab6 30. a3 $2 ({Better is} 30. R5e4 $18) 30... Rxb2 $1 $15 {[%mdl 64] aiming for ...Rb1+. Remove Defender} 31. Rxb2 Qxa3 32. Ree2 $2 {[%mdl 8192]} (32. Kd2 $17 Qxb2+ 33. Ke3) 32... Qa1+ 33. Kd2 Rxb2+ $2 (33... Qxb2+ 34. Ke1 Qa1+ 35. Qd1 {[#]} Rb1 $1 {[%mdl 512]} 36. Qxb1 Qxb1+ 37. Kd2 Qd3+ 38. Ke1 Qxc3+ 39. Rd2 Kg7) 34. Ke3 $19 Rxe2+ 35. Kxe2 {[%mdl 4096] Endgame KQ-KQ} Qa2+ 36. Kf3 Qa6 (36... Qc2 $142 {White must now prevent ...a5.} 37. g4 hxg4+ 38. Kxg4 a5 39. Qd8+ Kh7 40. Qxa5 Qxf2) 37. Qd8+ $17 Kg7 38. Qd7 $2 {[%mdl 8192]} (38. Qd4+ $15 Kg8 39. Qd8+ Kh7 40. Qe7) 38... Qf6+ $19 39. Ke4 Qxc3 40. Qxa7 Qd3+ {Black mates.} 41. Kf4 c3 {[%cal Bc4c3,Bc3c2][%mdl 32]} 42. Qc5 c2 43. Qe5+ Kh7 {Accuracy: White = 47%, Black = 53%.} 0-1

[Event "FIDE-Online-Steinitz-Memorial-Women"]
[Site "Internet"]
[Date "2020.05.16"]
[Round "11"]
[White "Cori T., Deysi"]
[Black "Stefanova, Antoaneta"]
[Result "0-1"]
[WhiteElo "2391"]
[BlackElo "2485"]
[Annotator "ChessBase"]
[PlyCount "100"]
[EventDate "2020.05.15"]
[EventType "tourn"]
[SourceTitle "playchess.com"]
[Source "ChessBase"]
[SourceQuality "1"]
[TimeControl "180+2"]

1. d4 d5 2. c4 {[%emt 0:00:05]} c6 {[%emt 0:00:07]} 3. e3 {[%emt 0:00:01]} Nf6 {[%emt 0:00:05]} 4. Nc3 {[%emt 0:00:01]} g6 {[%emt 0:00:02]} 5. Nf3 {[%emt 0:00:06]} Bg7 {[%emt 0:00:01]} 6. b3 {[%emt 0:00:01]} O-O {[%emt 0:00:03]} 7. Bb2 {[%emt 0:00:01]} b6 {[%emt 0:00:02]} 8. Bd3 {[%emt 0:00:02]} Bb7 {[%emt 0:00:02]} 9. O-O {[%emt 0:00:01]} Nbd7 {[%emt 0:00:06]} 10. Rc1 {[%emt 0:00:02]} e6 {[%emt 0:00:04]} 11. Qe2 {[%emt 0:00:02]} c5 {[%emt 0:00:04]} 12. cxd5 {[%emt 0:00:03]} exd5 {[%emt 0:00:16]} 13. Rfd1 {[%emt 0:00:03]} Qe7 {[%emt 0:00:22]} 14. Bb5 {[%emt 0:00:10]} Rfd8 {[%emt 0:00:18]} 15. Na4 {[%emt 0:00:20]} Rac8 {[%emt 0:00:18]} 16. h3 {[%emt 0:00:12]} cxd4 {[%emt 0:00:08]} 17. Nxd4 {[%emt 0:00:05]} Nc5 {[%emt 0:00:04]} 18. Nf3 {[%emt 0:00:31]} h6 {[%emt 0:00:19]} 19. Nxc5 {[%emt 0:00:10]} bxc5 {[%emt 0:00:01]} 20. Ba6 {[%emt 0:00:05]} Ne4 {[%emt 0:00:12]} 21. Bxb7 {[%emt 0:00:03]} Qxb7 {[%emt 0:00:02]} 22. Bxg7 {[%emt 0:00:05]} Kxg7 {[%emt 0:00:00]} 23. Qb2+ {[%emt 0:00:02]} Kh7 {[%emt 0:00:09]} 24. Qe5 {[%emt 0:00:02]} Rc7 {[%emt 0:00:10]} 25. h4 {[%emt 0:00:03]} Re7 {[%emt 0:00:03]} 26. Qf4 {[%emt 0:00:02]} Kg7 {[%emt 0:00:15]} 27. Nh2 {[%emt 0:00:31]} Qb6 {[%emt 0:00:19]} 28. Ng4 {[%emt 0:00:07]} h5 {[%emt 0:00:03]} 29. Nh2 {[%emt 0:00:06]} a5 {[%emt 0:00:03]} 30. Nf3 {[%emt 0:00:04]} a4 {[%emt 0:00:02]} 31. bxa4 {[%emt 0:00:02]} c4 {[%emt 0:00:01]} 32. Nd4 {[%emt 0:00:03]} Ra8 {[%emt 0:00:03]} 33. f3 {[%emt 0:00:03]} Nf6 {[%emt 0:00:02]} 34. Qg5 {[%emt 0:00:01]} Kh7 {[%emt 0:00:01]} 35. Rb1 {[%emt 0:00:03]} Qd6 {[%emt 0:00:02]} 36. Kh1 {[%emt 0:00:14]} Rxa4 {[%emt 0:00:02]} 37. e4 {[%emt 0:00:04]} Qe5 {[%emt 0:00:03]} 38. Nc6 {[%emt 0:00:05]} Qxg5 {[%emt 0:00:02]} 39. hxg5 {[%emt 0:00:01]} Rc7 {[%emt 0:00:04]} 40. exd5 {[%emt 0:00:06]} Nxd5 {[%emt 0:00:03]} 41. Ne5 {[%emt 0:00:04]} Nc3 {[%emt 0:00:02]} 42. Rd8 {[%emt 0:00:18]} Nxb1 {[%emt 0:00:02]} 43. Nd7 {[%emt 0:00:02]} Rxd7 {[%emt 0:00:01]} 44. Rxd7 {[%emt 0:00:01]} c3 {[%emt 0:00:02]} 45. Rxf7+ {[%emt 0:00:01]} Kg8 {[%emt 0:00:01]} 46. Rc7 {[%emt 0:00:01]} Rxa2 {[%emt 0:00:02]} 47. Kh2 {[%emt 0:00:01]} c2 {[%emt 0:00:02]} 48. f4 {[%emt 0:00:02]} Nd2 {[%emt 0:00:02]} 49. f5 {[%emt 0:00:02]} gxf5 {[%emt 0:00:01]} 50. g6 {[%emt 0:00:01]} Nb3 {[%emt 0:00:02]} 0-1

[Event "FIDE-Online-Steinitz-Memorial-Women"]
[Site "Internet"]
[Date "2020.05.16"]
[Round "12"]
[White "Lagno, Kateryna"]
[Black "Khademalsharieh, Sarasadat"]
[Result "0-1"]
[WhiteElo "2608"]
[BlackElo "2431"]
[Annotator "TA"]
[PlyCount "164"]
[EventDate "2020.05.15"]
[EventType "tourn"]
[SourceTitle "playchess.com"]
[Source "ChessBase"]
[SourceQuality "1"]

{[%evp 14,164,3,-17,0,-3,0,10,15,0,0,0,0,0,8,0,-5,-15,-2,-6,-29,-23,-4,-21,0,-12,-12,-34,-26,-56,-52,-46,-50,-64,-56,-62,-66,-50,-54,-91,-84,-156,-99,-243,-246,-241,-171,-162,-169,-115,-167,-170,-170,-277,-355,-406,-386,-617,-640,-611,-627,-623,-612,-589,-439,-438,-429,-453,-481,-447,-306,-346,-233,-493,-504,-482,-492,-486,-439,-439,-439,-364,-207,-439,-435,-432,-430,-430,-418,-1009,-975,-704,-13,-14,-16,-1049,-1028,-691,-143,-29962,-29962,-29970,-29974,-29977,-29978,-29982,-29976,-29976,-29977,-29977,-29977,-29977,-29976,-29976,-29977,-29977,-29977,-29977,-29977,-29977,-29977,-29977,-29977,-29977,0,-29975,0,-29977,-29975,-29975,-29973,-29972,-8,-29973,-29974,-29977,-29978,-29978,-29979,-29979,-29980,-29981,-29982,-29983,-29983,-29983,-29984,-29984,-29983,-29982,-29984,-29987,-29988]} 1. e4 e5 2. Nf3 Nc6 3. Bb5 a6 4. Ba4 Nf6 5. O-O b5 6. Bb3 Bc5 7. d3 {7.a4 is the modern continuation.} d6 8. Nc3 h6 {C77: Ruy Lopez: 3...a6 4 Ba4 Nf6, unusual lines.} 9. Nd5 Rb8 10. c3 Nxd5 {[#] The position is equal.} 11. Bxd5 $146 ({Predecessor:} 11. exd5 Ne7 12. d4 exd4 13. Nxd4 O-O 14. Qd3 Bxd4 15. Qxd4 Re8 16. Bd2 Bb7 17. Rfe1 {1-0 (34) Feuerstack,A (2459)-Van Haastert,E (2438) Amsterdam 2020}) 11... Ne7 12. Bb3 O-O 13. d4 exd4 14. cxd4 Bb6 15. h3 Ng6 16. a4 c5 17. axb5 axb5 18. Be3 Bb7 19. dxc5 dxc5 20. Bc2 Qf6 21. Qe2 c4 22. Bxb6 Qxb6 23. Rfd1 Rfe8 24. Nd4 Rbd8 25. Qe3 b4 26. b3 c3 27. g3 ({Only move:} 27. Nf5 Qxe3 28. Nxe3) 27... Rd7 ({Black should play} 27... Ne7 {...Nd5! is the strong threat.} 28. f3 Nc6) 28. h4 (28. Nf5 $17 Rxd1+ 29. Rxd1 Qxe3 30. Nxe3) 28... Red8 $19 {[%cal Rd7d4]} 29. Nf5 Rxd1+ 30. Rxd1 Rxd1+ 31. Bxd1 Qxe3 32. Nxe3 Bxe4 {[%mdl 4096] Endgame KBN-KBN} 33. Bc2 (33. f3 $142 Bd3 34. Bc2) 33... Bf3 34. Nc4 Ne7 35. Kf1 (35. Ne5 $142 Bh5 36. f3) 35... Nc6 36. Ke1 Nd4 37. Ne3 Kf8 38. Bd3 Nxb3 39. Nc2 Nc5 40. Nxb4 Nxd3+ 41. Nxd3 {KB-KN} Be4 42. Nc5 Bg6 43. Na4 $2 (43. Na6 {was forced.} Ke7 44. Nb4) 43... c2 44. Kd2 Ke7 45. Nc3 Ke6 46. Ne2 Ke5 47. f3 Bh7 (47... Bh5 $142 48. Ng1 Kd4 49. Ne2+ Ke5) 48. Nf4 $2 (48. Kc3) 48... Kd4 49. Ne2+ Kc4 50. Nc1 f6 51. Ne2 (51. h5 $142 Kb4 52. Ne2) 51... Kb3 52. Kc1 Bd3 $2 ({Better is} 52... g5 $1 $19 {aiming for ...Kc4.} 53. f4 gxh4 54. gxh4 Bd3 55. Nd4+ Kc3) 53. Nf4 $11 Kc3 {Threatens to win with ...Kd4.} 54. Ne6 $2 {[%mdl 8192] White is on the road to losing.} (54. Nh5 $11) 54... g5 $19 55. hxg5 hxg5 $2 (55... fxg5 $19 {has better winning chances. And now ...Bc4 would win.} 56. f4 g4) 56. f4 $2 {[%mdl 8192] [#]} (56. Nf8 $17) 56... g4 $1 57. Nc7 Kd4 58. Kd2 Ke4 59. Ne8 f5 60. Nf6+ Kf3 61. Nh5 Be4 62. Kc1 Ke2 63. Nf6 Kf2 64. Nh5 Kg2 65. Kd2 {[#]} Bd3 $1 {[%mdl 512]} 66. Kc1 (66. Kxd3 c1=Q) 66... Kh3 67. Kd2 Be4 68. Kc1 Kg2 69. Kd2 Kf2 70. Kc1 Ke3 71. Ng7 Bd3 72. Nh5 Bc4 $2 (72... Kf2 {mates} 73. Kb2 Bc4 74. Kc1 Bf7 75. Ng7 Kxg3 76. Nxf5+ Kxf4 77. Nd4 Bg6 78. Ne2+ Ke3 79. Ng3 Kf2 80. Nh5 Bxh5 81. Kxc2 g3 82. Kd3 g2 83. Ke4 g1=Q 84. Kd5 Qg6 85. Kc5 Ke3 86. Kb5 Kd4 87. Ka4 Qb6 88. Ka3 Kc3 89. Ka4 Qb4#) 73. Kxc2 $2 {[%mdl 8192]} (73. Ng7 $11) 73... Kf3 {Black mates.} 74. Kd2 Bf7 75. Ng7 {[#]} Bg6 $1 76. Ne6 Kxg3 77. Ke3 Kh2 78. Ng5 g3 79. Nf3+ Kh1 80. Kd4 Bh5 81. Nh4 g2 82. Ke5 g1=Q {Accuracy: White = 57%, Black = 76%.} 0-1

[Event "FIDE-Online-Steinitz-Memorial-Women"]
[Site "Internet"]
[Date "2020.05.16"]
[Round "12"]
[White "Kosteniuk, Alexandra"]
[Black "Cori T., Deysi"]
[Result "1-0"]
[WhiteElo "2521"]
[BlackElo "2391"]
[Annotator "ChessBase"]
[PlyCount "53"]
[EventDate "2020.05.15"]
[EventType "tourn"]
[SourceTitle "playchess.com"]
[Source "ChessBase"]
[SourceQuality "1"]
[TimeControl "180+2"]

1. e4 d5 2. exd5 {[%emt 0:00:04]} Qxd5 {[%emt 0:00:03]} 3. Nc3 {[%emt 0:00:00]} Qd6 {[%emt 0:00:01]} 4. d4 {[%emt 0:00:01]} Nf6 {[%emt 0:00:01]} 5. Nf3 {[%emt 0:00:01]} a6 {[%emt 0:00:01]} 6. g3 {[%emt 0:00:01]} Bg4 {[%emt 0:00:03]} 7. Bg2 {[%emt 0:00:01]} Nc6 {[%emt 0:00:02]} 8. O-O {[%emt 0:00:34]} O-O-O {[%emt 0:00:02]} 9. h3 {[%emt 0:00:02]} Bh5 {[%emt 0:00:03]} 10. Bf4 {[%emt 0:00:05]} Qb4 {[%emt 0:00:01]} 11. a3 {[%emt 0:00:02]} Qxb2 {[%emt 0:00:05]} 12. Qe1 {[%emt 0:00:01]} Qxc2 {[%emt 0:00:33]} 13. Rc1 {[%emt 0:00:09]} Qf5 {[%emt 0:00:51]} 14. d5 {[%emt 0:00:36]} Nxd5 {[%emt 0:00:16]} 15. Nxd5 {[%emt 0:00:01]} Rxd5 {[%emt 0:00:03]} 16. Rxc6 {[%emt 0:00:40]} bxc6 {[%emt 0:00:09]} 17. Ne5 {[%emt 0:00:01]} e6 {[%emt 0:00:20]} 18. Bxd5 {[%emt 0:00:10]} cxd5 {[%emt 0:00:01]} 19. Qa5 {[%emt 0:00:01]} Be2 {[%emt 0:00:06]} 20. Re1 {[%emt 0:00:24]} g5 {[%emt 0:00:30]} 21. Rxe2 {[%emt 0:00:05]} gxf4 {[%emt 0:00:06]} 22. Qxa6+ {[%emt 0:00:03]} Kd8 {[%emt 0:00:01]} 23. Qc6 {[%emt 0:00:16]} Ke7 {[%emt 0:00:09]} 24. Qd7+ {[%emt 0:00:02]} Kf6 {[%emt 0:00:01]} 25. Qxf7+ {[%emt 0:00:01]} Kg5 {[%emt 0:00:01]} 26. Nf3+ {[%emt 0:00:04]} Kh6 {[%emt 0:00:06]} 27. Rxe6+ {[%emt 0:00:01]} 1-0

[Event "FIDE-Online-Steinitz-Memorial-Women"]
[Site "Internet"]
[Date "2020.05.16"]
[Round "12"]
[White "Tan, Zhongyi"]
[Black "Lei, Tingjie"]
[Result "0-1"]
[WhiteElo "2510"]
[BlackElo "2530"]
[Annotator "TA"]
[PlyCount "28"]
[EventDate "2020.05.15"]
[EventType "tourn"]
[SourceTitle "playchess.com"]
[Source "ChessBase"]
[SourceQuality "1"]

{[%evp 9,28,27,24,14,17,18,27,0,4,-63,-55,-58,-44,-61,-66,-104,-97,-124,-132,-628,-632]} 1. c4 e5 2. g3 Nf6 3. Bg2 c6 4. Nf3 e4 5. Nd4 Qb6 6. e3 {A20: English Opening: 1...e5.} d5 7. cxd5 cxd5 8. O-O {White has an edge.} Nc6 (8... Bg4 $5 {[%cal Rg4d1]} 9. f3 exf3 10. Nxf3 (10. Bxf3 Bh3 $11) 10... Be7 $11) 9. Nxc6 (9. Nc3 $11) 9... bxc6 $15 {[#]} 10. d4 $146 ({Predecessor:} 10. d3 Ba6 11. dxe4 Bxf1 12. Qxf1 Nxe4 13. Bxe4 dxe4 14. Qc4 Qc5 15. Qxe4+ Be7 16. Bd2 {1-0 (101) Iturrizaga Bonelli,E (2629)-Nyzhnyk,I (2665) chess24.com INT 2020}) 10... exd3 11. Re1 Bb4 $36 {[%mdl 2048] Black fights for an advantage.} 12. Bd2 O-O 13. Bxb4 Qxb4 14. Qxd3 $2 {[%mdl 8192] [#]} (14. Qd2 $17 a5 15. a3) 14... Qxe1+ {Black took control after the opening.} 0-1